000 00699nam a2200253 a 4500
003 AR-BaBNM
005 20251128204922.0
008 082120s2002 ||||||||||||||000 | spa||
020 _a968-16-2810-1
040 _cAR-BaBNM
100 1 _aKlein, Lawrence R.
245 0 0 _aLa economía de la oferta y la demanda
250 _a1ª ed.
260 _aMéxico, D.F.
_bFondo de Cultura Económica
_c1988
300 _a191 p.
_bgráfs., tablas
490 0 _aEconomía contemporánea
600 1 4 _aKeynes, John Maynard
650 4 _aPOLITICA ECONOMICA
650 4 _aOFERTA Y DEMANDA
650 4 _aTEORIA ECONOMICA
700 1 _aSuárez, Eduardo L.
_etraductor
942 _cBK
998 _cEnrique
999 _c9327
_d9327